<?xml version="1.0" encoding="UTF-8"?>
<record
    xmlns:xsi="http://www.w3.org/2001/XMLSchema-instance"
    xsi:schemaLocation="http://www.loc.gov/MARC21/slim http://www.loc.gov/standards/marcxml/schema/MARC21slim.xsd"
    xmlns="http://www.loc.gov/MARC21/slim">

  <leader>01945    a2200217   4500</leader>
  <controlfield tag="001">57117</controlfield>
  <controlfield tag="005">20260407155833.0</controlfield>
  <controlfield tag="008">260407a1968    arg                 spa d</controlfield>
  <controlfield tag="003">AR-UNSa-BCEJYS</controlfield>
  <datafield tag="040" ind1=" " ind2=" ">
    <subfield code="a">AR-UNSa-BCEJYS</subfield>
    <subfield code="b">spa</subfield>
    <subfield code="c">AR-UNSa-BCEJYS</subfield>
  </datafield>
  <datafield tag="080" ind1=" " ind2=" ">
    <subfield code="a">330.834</subfield>
    <subfield code="x">Keynes y el keynesianismo. Neokeynesianismo. Poskeynesianismo</subfield>
  </datafield>
  <datafield tag="245" ind1="1" ind2="0">
    <subfield code="a">Socialismo y capitalismo comparados</subfield>
    <subfield code="p">La teor&#xED;a general de Keynes</subfield>
  </datafield>
  <datafield tag="264" ind1=" " ind2="1">
    <subfield code="a">Barcelona :</subfield>
    <subfield code="b">Ariel</subfield>
    <subfield code="c">1968</subfield>
  </datafield>
  <datafield tag="300" ind1=" " ind2=" ">
    <subfield code="a">192 p.</subfield>
    <subfield code="c">18 cm.</subfield>
  </datafield>
  <datafield tag="505" ind1=" " ind2=" ">
    <subfield code="a">Socialismo y capitalismo: 1.Definicion y descripci&#xF3;n &#x2013; 2.Distribucion de la riqueza y  la renta entre las personas &#x2013; 3.La asignaci&#xF3;n de los recursos productivos &#x2013; 4.El paro &#x2013; 5.Beneficio y eficacia t&#xE9;cnica &#x2013; 6.El problema de los incentivos &#x2013; 7.El problema de la asignaci&#xF3;n de los recursos productivos en condiciones de planificaci&#xF3;n socialista &#x2013; 8.Problemas relacionados con los tipos de inter&#xE9;s La teor&#xED;a general de Keynes: 1.Preliminares &#x2013; 2.El objetivo b&#xE1;sico de la teor&#xED;a general &#x2013; 3.El pleno empleo &#x2013; 4.Renta,ahorro e inversi&#xF3;n en la cantidad de dinero y el tipo de inter&#xE9;s &#x2013; 5.Las funciones &#x2013; 6.El esquema fundamental de Keynes &#x2013; 7.Condiciones necesarias del equilibrio Keynesiano &#x2013; 8.Naturaleza del equilibrio keynesiano &#x2013; 9.Diferencias entre las situaciones de equilibrio a corto plazo &#x2013; 10.Diferencia entre la curva de demanda  de inversi&#xF3;n &#x2013; 11.Diferencia entre la curva de oferta de inversi&#xF3;n &#x2013; 12.Diferencia en la curva de preferencia por la liquidez &#x2013; 13.Diferencia en la cantidad de dinero &#x2013; 14.Diferencia en el tipo de salario monetario &#x2013; 15.Consideracion de varios cambios simult&#xE1;neos &#x2013; 16.Las expectativas &#x2013; 17.El estado y la inversi&#xF3;n &#x2013; 18.Logros y limitaciones del an&#xE1;lisis  de Keynes &#x2013; 19.Conclusiones.</subfield>
  </datafield>
  <datafield tag="942" ind1=" " ind2=" ">
    <subfield code="c">BK</subfield>
  </datafield>
  <datafield tag="590" ind1=" " ind2=" ">
    <subfield code="a">niveau_biblio:m niveau_hierar:0</subfield>
  </datafield>
  <datafield tag="100" ind1="1" ind2=" ">
    <subfield code="a">Pigou, Arthur C.</subfield>
  </datafield>
  <datafield tag="700" ind1="1" ind2=" ">
    <subfield code="a">Sacrist&#xE1;n, Manuel</subfield>
  </datafield>
  <datafield tag="700" ind1="1" ind2=" ">
    <subfield code="a">Pastor, Alfredo</subfield>
  </datafield>
  <datafield tag="999" ind1=" " ind2=" ">
    <subfield code="c">6119</subfield>
    <subfield code="d">6119</subfield>
  </datafield>
  <datafield tag="952" ind1=" " ind2=" ">
    <subfield code="0">0</subfield>
    <subfield code="1">0</subfield>
    <subfield code="4">0</subfield>
    <subfield code="7">0</subfield>
    <subfield code="a">BCEJYS</subfield>
    <subfield code="b">BCEJYS</subfield>
    <subfield code="c">16</subfield>
    <subfield code="d">2026-04-07</subfield>
    <subfield code="l">0</subfield>
    <subfield code="o">330.834 P633</subfield>
    <subfield code="p">L13221</subfield>
    <subfield code="r">2026-04-07 15:58:33</subfield>
    <subfield code="w">2026-04-07</subfield>
    <subfield code="y">L</subfield>
  </datafield>
</record>
